[Event "FRA-chT4 0506"]
[Site "France"]
[Date "2006.03.12"]
[Round "6"]
[White "Couvreur, Remi"]
[Black "Hanot, Wilfried"]
[Result "0-1"]
[WhiteElo "1850"]
[BlackElo "1820"]
[PlyCount "118"]
[EventDate "2005.10.02"]
[EventType "team"]
[EventRounds "9"]
[EventCountry "FRA"]
[SourceTitle "EXT 2007"]
[Source "ChessBase"]
[SourceDate "2006.11.23"]
[SourceVersion "1"]
[SourceVersionDate "2006.11.23"]
[SourceQuality "1"]

1. e4 c6 2. d4 d5 3. e5 Bf5 4. Nf3 e6 5. Bd3 Bxd3 6. Qxd3 Nd7 7. 0-0 c5 8. c3 cxd4 9. cxd4 Qb6 10. Nc3 Ne7 11. Na4 Qb4 12. b3 Rc8 13. Bd2 Qa3 14. Rfc1 Nc6 15. Qb5 Rb8 16. Rxc6 bxc6 17. Qxc6 Qe7 18. Ba5 Qa3 19. Qc7 Bb4 20. Bxb4 Qxb4 21. Rc1 a6 22. g3 Qb5 23. Rc6 Rd8 24. Nc3 Qb8 25. Qa5 0-0 26. Qxa6 Rc8 27. Nb5 Qa8 28. Qxa8 Rxa8 29. a4 Rfc8 30. Rd6 Nf8 31. Rb6 Rab8 32. Rxb8 Rxb8 33. Ne1 Rc8 34. Nd3 Nd7 35. Kf1 Kf8 36. Ke1 Ke7 37. Kd2 f6 38. f4 h6 39. Na7 Ra8 40. Nb5 g5 41. Nc7 Rc8 42. Nb5 gxf4 43. gxf4 h5 44. b4 h4 45. a5 Nb8 46. Nd6 Rg8 47. h3 Rg3 48. b5 Rxh3 49. a6 Rh2+ 50. Kc3 Nxa6 51. bxa6 Ra2 52. Nc8+ Kf8 53. a7 fxe5 54. Nxe5 h3 55. Ng4 Ke8 56. Nd6+ Kd7 57. Nb5 Kc6 58. Kb4 Kb7 59. Kb3 Rg2 0-1